| 000 | 00000nam 2200000zi 4500 |
| 001 | 9.932223 |
| 003 | CaOODSP |
| 005 | 20240214114336 |
| 006 | m o d f |
| 007 | cr |n||||||||| |
| 008 | 240109e202402##oncd ob f00| 0 fre d |
| 020 | |a9780660695365 |
| 040 | |aCaOODSP|bfre|erda|cCaOODSP |
| 043 | |an-cn-on |
| 086 | 1 |aFs70-5/2024-005F-PDF |
| 100 | 1 |aFung, Simon, |eauteur. |
| 245 | 10|aModélisation du potentiel de rétablissement du chat-fou du Nord (Noturus stigmosus) au Canada / |cSimon R. Fung et Marten A. Koops. |
| 264 | 1|aOttawa (Ontario) : |bSecrétariat canadien de consultation scientifique (SCCS), |cfévrier 2024. |
| 264 | 4|c©2024 |
| 300 | |a1 ressource en ligne (iv, 25 pages) : |bgraphiques. |
| 336 | |atexte|btxt|2rdacontent/fre |
| 337 | |ainformatique|bc|2rdamedia/fre |
| 338 | |aressource en ligne|bcr|2rdacarrier/fre |
| 490 | 1 |aDocument de recherche, |x2292-4272 ; |v2024/005 |
| 500 | |aPublié aussi en anglais sous le titre : Recovery potential modelling of northern madtom (Noturus stigmosus) in Canada. |
| 504 | |aComprend des références bibliographiques (pages 24-25). |
| 650 | 6|aChat-fou du Nord|xConservation|zOntario. |
| 650 | 6|aFaune|xRétablissement|zOntario. |
| 710 | 2 |aSecrétariat canadien de consultation scientifique, |eorganisme de publication. |
| 710 | 1 |aCanada. |bMinistère des pêches et des océans. |bRégion de l'Ontario et des Prairies, |eorganisme de publication. |
| 775 | 08|tRecovery potential modelling of northern madtom (Noturus stigmosus) in Canada / |w(CaOODSP)9.932222 |
| 830 | #0|aDocument de recherche (Secrétariat canadien de consultation scientifique)|v2024/005.|w(CaOODSP)9.503788 |
| 856 | 40|qPDF|s926 Ko|uhttps://publications.gc.ca/collections/collection_2024/mpo-dfo/fs70-5/Fs70-5-2024-005-fra.pdf |